000 02431nam a2200385Ia 4500
999 _c55583
_d55583
001 22665
003 GE_BSU
005 20230411103716.0
008 181216s2017||||ge |||||||||||||| ||geo||
020 _a9789941097942
040 _cGE_BSU
041 _ageo
080 _a141.72(479.22)+342.726+396(479.22) მ-53
100 _aმელაშვილი, თამთა
_917602
245 _aკატო მიქელაძე :
_bქართული ფემინიზმის უცნობი ისტორიები /
_cთამთა მელაშვილი ; რედაქტორი ნინო ბექიშვილი ; გარეკანის დიზაინი მაგდა ცოცხალაშვილი.
250 _aმე-2 გამოცემა
264 _aთბილისი :
_bჰაინრიჰ ბიოლის ფონდის სამხრეთ კავკასიის რეგიონული ბიურო (შპს სეზანი),
_c2017.
300 _a296 გვ. :
_bფოტ. ;
_c23 სმ.
500 _aგარეკანზე და თავფურცელზე ავტორი აღნიშნული არ არის
501 _aგანმარტებები : გვ. 286-289
504 _aბიბლიოგრ. ტექსტის შენიშვნებში
520 _aგარეკანზე და თავფურცელზე ავტორი აღნიშნული არ არის.
541 _h5ლ.
653 _aკატო მიქელაძე
653 _aქართული ფემინიზმის უცნობი ისტორიები
653 _aფემინიზმი საქართველოში
653 _aქალთა უფლებების დაცვა საქართველოში
653 _aქალთა საკითხი საქართველოში
653 _aფილოსოფიური სისტემები
653 _aქალთა მოძრაობა
653 _aქალთა საკითხები
653 _aქალთა მდგომარეობა
700 _aბექიშვილი, ნინო
_eრედაქტორი
_914052
942 _cBK
_2udc